[Event "Titled Tue 10th Jun Early"]
[Site "chess.com INT"]
[Date "2025.06.10"]
[Round "1"]
[White "Nitish, Belurkar"]
[Black "Suvradeepta, Das"]
[Result "1-0"]
[WhiteTitle "IM"]
[BlackTitle "FM"]
[WhiteElo "2454"]
[BlackElo "2230"]
[WhiteFideId "5084768"]
[BlackFideId "5058031"]
[EventDate "2025.06.10"]

1. e4 c6 2. d3 d5 3. Nd2 g6 4. Ngf3 Bg7 5. g3 Bg4 6. Bg2 e6 7. O-O Ne7 8. c3 O-O
9. h3 Bxf3 10. Nxf3 Nd7 11. Qe2 Qc7 12. Bf4 Qb6 13. e5 c5 14. h4 h6 15. Qd2 Kh7
16. g4 Qc7 17. Rae1 Nc6 18. d4 Rac8 19. h5 cxd4 20. cxd4 Qa5 21. hxg6+ fxg6 22.
Qe3 Nb6 23. Bg3 Nc4 24. Qd3 Qxa2 25. Nh4 Ne7 26. Ra1 Qxb2 27. Rfb1 Qd2 28. Qxd2
Nxd2 29. Rxb7 Nc6 30. Kh2 Rb8 31. Rc7 Rfc8 32. Rd7 Nb3 33. Ra6 Nbxd4 34. f4 Rb6
35. Ra2 Rd8 36. Rxd8 Nxd8 37. Rxa7 Rb7 38. Ra8 Rd7 39. f5 gxf5 40. gxf5 Nxf5 41.
Nxf5 exf5 42. Bh3 Kg6 43. Ra6+ Kg5 44. Ra4 1-0

[Event "Titled Tue 10th Jun Early"]
[Site "chess.com INT"]
[Date "2025.06.10"]
[Round "1"]
[White "Jimenez Carrazoni, Marta Elena"]
[Black "Paikens, Reinis"]
[Result "1-0"]
[WhiteTitle "WCM"]
[WhiteElo "1968"]
[BlackElo "2264"]
[WhiteFideId "54765102"]
[BlackFideId "11624078"]
[EventDate "2025.06.10"]

1. e4 c5 2. Nf3 d6 3. d4 cxd4 4. Nxd4 Nf6 5. Nc3 g6 6. Be3 Nc6 7. f3 h5 8. Qd2
Nxd4 9. Bxd4 Bh6 10. Be3 Bxe3 11. Qxe3 Qa5 12. Bc4 Bd7 13. Bb3 Rc8 14. O-O-O Kf8
15. h3 h4 16. f4 Rh5 17. Rhe1 Rhc5 18. e5 Rxc3 19. bxc3 Rxc3 20. Qd4 Ng8 21.
exd6 e6 22. Re5 Qa3+ 23. Kb1 Rc6 24. Qa4 Qxa4 25. Bxa4 Rb6+ 26. Bb3 Nf6 27. Rc5
Kg7 28. Rc7 a5 29. Ka1 a4 30. Bc4 Rb4 31. Rb1 Rxb1+ 32. Kxb1 Bc6 33. Be2 Nd5 34.
Rxc6 bxc6 35. d7 Nc3+ 36. Kb2 Nxe2 37. d8=Q c5 38. Qxh4 Nd4 39. Qf2 Kf6 40. c3
Nb5 41. g4 Ke7 42. g5 Kd6 43. h4 Kd5 44. Qe2 Nd6 45. Kc2 c4 46. Qe3 Ne4 47. Qd4+
Kc6 48. Qxe4+ 1-0

[Event "Titled Tue 10th Jun Early"]
[Site "chess.com INT"]
[Date "2025.06.10"]
[Round "1"]
[White "Genkeswaran, Genivan"]
[Black "Schmakel, Sam"]
[Result "0-1"]
[WhiteTitle "CM"]
[BlackTitle "IM"]
[WhiteElo "2124"]
[BlackElo "2456"]
[WhiteFideId "5754496"]
[BlackFideId "2039311"]
[EventDate "2025.06.10"]

1. d4 d5 2. c4 e6 3. Nc3 Nf6 4. Bg5 dxc4 5. e3 a6 6. Bxc4 b5 7. Bd3 Bb7 8. Nf3
c5 9. O-O Nbd7 10. Qe2 Be7 11. Rad1 cxd4 12. Nxd4 Qb6 13. Nf3 h6 14. Bh4 O-O 15.
e4 e5 16. Bg3 Bd6 17. Qd2 Rad8 18. Bxb5 Nc5 19. Bd3 Ncxe4 20. Nxe4 Nxe4 21. Bxe4
Bxe4 22. Qe2 Bxf3 23. gxf3 Bb8 24. Rxd8 Rxd8 25. Bxe5 Re8 26. f4 Qg6+ 27. Kh1
Qe6 28. Re1 f6 29. Bxb8 Qxe2 30. Rxe2 Rxe2 31. Ba7 Rxb2 32. a3 Ra2 33. Bc5 Kf7
34. Kg2 Ke6 35. Kf3 Kd5 36. Bb4 g5 37. Bf8 h5 38. Be7 Ke6 39. Bb4 g4+ 40. Kg3
Kf5 41. f3 gxf3 42. Kxf3 Rxh2 43. Ke3 Ra2 44. Kd4 h4 45. Kc5 h3 46. Kb6 h2 47.
Kxa6 h1=Q 48. Kb6 Qd5 49. Kc7 Kxf4 50. Bd6+ Ke4 51. Bb4 Rc2+ 52. Kb6 Rc6+ 53.
Ka7 Qd7+ 54. Kb8 Rc8# 0-1

[Event "Titled Tue 10th Jun Early"]
[Site "chess.com INT"]
[Date "2025.06.10"]
[Round "1"]
[White "Palczert, Matyas"]
[Black "Melamed, Daniel"]
[Result "1-0"]
[WhiteTitle "FM"]
[BlackTitle "CM"]
[WhiteElo "2396"]
[BlackElo "2047"]
[WhiteFideId "784958"]
[BlackFideId "3229076"]
[EventDate "2025.06.10"]

1. b3 Nf6 2. Bb2 e6 3. Nf3 d5 4. e3 Be7 5. c4 O-O 6. Be2 c5 7. O-O Nc6 8. cxd5
exd5 9. d4 Bg4 10. Nc3 Rc8 11. Rc1 b6 12. h3 Bh5 13. Ne5 Bxe2 14. Nxe2 Nxe5 15.
dxe5 Ne4 16. Nf4 Bg5 17. Qxd5 Qxd5 18. Nxd5 Rfd8 19. Rfd1 Kf8 20. Nf4 g6 21. f3
Ng3 22. Kf2 Nf5 23. g3 h5 24. h4 Bh6 25. Ng2 Ke8 26. g4 hxg4 27. fxg4 Ne7 28.
Nf4 Bg7 29. h5 Nc6 30. hxg6 Nxe5 31. gxf7+ Kxf7 32. Kg3 Ng6 33. Bxg7 Rxd1 34.
Rxd1 Kxg7 35. Rd7+ Kh6 36. Rd6 Rg8 37. e4 Kg5 38. Rxg6+ Rxg6 39. Nxg6 Kxg6 40.
Kf4 Kf6 41. e5+ Ke6 42. Ke4 b5 43. g5 a5 44. g6 a4 45. bxa4 bxa4 46. Kd3 a3 47.
Kc3 Kxe5 48. g7 Kf6 49. g8=Q 1-0

[Event "Titled Tue 10th Jun Early"]
[Site "chess.com INT"]
[Date "2025.06.10"]
[Round "1"]
[White "Papaioannou, Dimitrios"]
[Black "Terlouw, Wouter"]
[Result "1-0"]
[WhiteTitle "CM"]
[BlackTitle "CM"]
[WhiteElo "2206"]
[BlackElo "2196"]
[WhiteFideId "25865137"]
[BlackFideId "1087401"]
[EventDate "2025.06.10"]

1. Nf3 Nf6 2. c4 c6 3. d4 d5 4. Nc3 e6 5. g3 Bd6 6. Bg2 O-O 7. Nd2 Nbd7 8. O-O
Re8 9. e4 dxe4 10. Ndxe4 Nxe4 11. Nxe4 Bf8 12. Re1 h6 13. Bf4 Nf6 14. Nxf6+ Qxf6
15. Be5 Qd8 16. h4 Bd6 17. Qg4 f6 18. Bxd6 Qxd6 19. Rad1 Bd7 20. Qg6 Qf8 21. Be4
f5 22. Bc2 Qf7 23. h5 Re7 24. c5 Qxg6 25. hxg6 Rf8 26. d5 cxd5 27. Rxd5 Rf6 28.
Rxf5 Rxg6 29. Rd5 Rf6 30. Rd6 Bc6 31. Bb3 Kf7 32. Bc4 h5 33. Re5 h4 34. gxh4
Rg6+ 35. Rg5 Rh6 36. h5 g6 37. b4 a6 38. a4 Bxa4 39. hxg6+ Kg7 40. Rxe6 Rxe6 41.
Bxe6 Bc6 42. f4 Rxg6 43. Rxg6+ Kxg6 44. Kf2 Kf6 45. Bg4 Bd5 46. Ke3 Bc6 47. Bf3
Kf5 48. Bxc6 bxc6 49. Kf3 Ke6 50. Ke4 Kf6 51. f5 Kf7 52. Ke5 Ke7 53. f6+ Kf7 54.
Kd6 Kxf6 55. Kxc6 Ke7 56. Kb7 1-0

[Event "Titled Tue 10th Jun Early"]
[Site "chess.com INT"]
[Date "2025.06.10"]
[Round "1"]
[White "Raptis, Nick"]
[Black "Safin Safarullakhan"]
[Result "1-0"]
[WhiteTitle "FM"]
[BlackTitle "CM"]
[WhiteElo "2220"]
[BlackElo "2028"]
[WhiteFideId "2016850"]
[BlackFideId "33379475"]
[EventDate "2025.06.10"]

1. d4 Nf6 2. Nc3 d5 3. Bg5 e6 4. e4 dxe4 5. Nxe4 Be7 6. Bxf6 Bxf6 7. Nf3 Nc6 8.
Bd3 h6 9. c3 O-O 10. Qe2 Re8 11. O-O-O b6 12. Nxf6+ Qxf6 13. Qe4 Bb7 14. Qh7+
Kf8 15. Rhe1 a5 16. d5 Nd8 17. Bb5 c6 18. dxe6 Nxe6 19. Rd7 g6 20. Ne5 Ng5 21.
Qxh6+ Kg8 22. Rxb7 cxb5 23. Nf3 Rxe1+ 24. Nxe1 Qf4+ 25. Kb1 Qe4+ 26. Nc2 Qxb7
27. Qxg5 Re8 28. a3 Qc6 29. h4 Qc4 30. h5 Qf1+ 31. Ka2 Qd3 32. hxg6 fxg6 33. Ne3
Qd6 34. Qxb5 Qe6+ 35. c4 Rd8 36. Nd5 Rc8 37. Qxb6 Qe5 38. Qxg6+ Kh8 39. Qh6+ Kg8
40. Qg6+ Kh8 41. Qd3 a4 42. f4 Qd6 43. Qd4+ Kg8 44. Nf6+ 1-0

[Event "Titled Tue 10th Jun Early"]
[Site "chess.com INT"]
[Date "2025.06.10"]
[Round "1"]
[White "Ejsymont, Blanka"]
[Black "Carlsson, Ludvig"]
[Result "0-1"]
[WhiteTitle "WCM"]
[BlackTitle "IM"]
[WhiteElo "1984"]
[BlackElo "2379"]
[WhiteFideId "21088268"]
[BlackFideId "1727010"]
[EventDate "2025.06.10"]

1. e4 c5 2. Nf3 d6 3. d4 cxd4 4. Nxd4 Nf6 5. Nc3 g6 6. f3 Bg7 7. Be3 Nc6 8. Qd2
O-O 9. O-O-O d5 10. Nxc6 bxc6 11. Bd4 Qa5 12. exd5 cxd5 13. g4 e6 14. h4 Rb8 15.
h5 Qb4 16. b3 Bd7 17. hxg6 fxg6 18. Kb1 a5 19. Qh2 Rf7 20. a3 Qb7 21. Ba6 Qa8
22. Bd3 a4 23. b4 Rc8 24. Ne2 Qb8 25. Be5 Qb6 26. Bd4 Qc7 27. Be5 Qb6 28. Bd4
Qb7 29. Rhg1 Bb5 30. Nf4 Bxd3 31. Nxd3 Rfc7 32. Nc5 Rxc5 33. Bxc5 Rxc5 34. Qd6
Rc6 35. Qd8+ Kf7 36. g5 Nh5 37. Rge1 Qc8 38. Qxc8 Rxc8 39. Re3 Nf4 40. Rde1 Bd4
41. Rd3 Nxd3 42. cxd3 Rc3 43. Rh1 Kg7 44. Re1 e5 45. f4 Rxa3 46. fxe5 Ra1+ 47.
Kc2 Rxe1 48. e6 Rxe6 49. b5 Rb6 50. Kd2 Rxb5 51. Ke2 Kf7 52. Kf3 Ke6 53. Kf4 a3
54. Kg4 a2 55. Kf4 a1=Q 56. Kg4 Rb2 57. Kf3 Rf2+ 58. Kg3 Qg1+ 59. Kh4 Rh2# 0-1

[Event "Titled Tue 10th Jun Early"]
[Site "chess.com INT"]
[Date "2025.06.10"]
[Round "1"]
[White "Shandrygin, Nikita"]
[Black "Arun, Siddharth"]
[Result "1-0"]
[WhiteTitle "FM"]
[WhiteElo "2209"]
[BlackElo "1978"]
[WhiteFideId "24198668"]
[BlackFideId "2079178"]
[EventDate "2025.06.10"]

1. e3 d5 2. Nf3 Bg4 3. Be2 Nd7 4. d4 e6 5. O-O Ngf6 6. c4 c6 7. b3 Bd6 8. Bb2
Qe7 9. h3 Bxf3 10. Bxf3 O-O 11. Nc3 Rfe8 12. Qc2 Rad8 13. Rad1 Ba3 14. Ba1 Bd6
15. Rfe1 Bb8 16. Bb2 Nb6 17. Ne2 Qc7 18. g3 c5 19. cxd5 cxd4 20. Qxc7 Bxc7 21.
dxe6 dxe3 22. exf7+ Kxf7 23. Rxd8 exf2+ 24. Kxf2 Rxd8 25. Nd4 Nbd5 26. Nf5 Bb6+
27. Kg2 Rd7 28. Re2 Nb4 29. Bc3 Nbd5 30. Ba1 Ne8 31. Bh5+ g6 32. Nh6+ Kf8 33.
Bg4 Re7 34. Rd2 Ne3+ 35. Kf3 Ng7 36. Bb2 Nef5 37. Nxf5 gxf5 38. Ba3 fxg4+ 39.
hxg4 Kf7 40. Bxe7 Kxe7 41. Ke4 Ke6 42. Rh2 Ne8 43. g5 Nd6+ 44. Kf4 Nf5 45. Rxh7
Be3+ 46. Kg4 b5 47. Rb7 Nd6 48. Rb8 Ne4 49. Kf3 Nxg5+ 50. Kxe3 1-0

[Event "Titled Tue 10th Jun Early"]
[Site "chess.com INT"]
[Date "2025.06.10"]
[Round "1"]
[White "Stemmler, Fabian"]
[Black "Ternault, Mathieu"]
[Result "0-1"]
[WhiteTitle "CM"]
[BlackTitle "FM"]
[WhiteElo "2190"]
[BlackElo "2275"]
[WhiteFideId "12964808"]
[BlackFideId "20641532"]
[EventDate "2025.06.10"]

1. e4 e6 2. d4 d5 3. exd5 exd5 4. c4 Bb4+ 5. Nc3 Nf6 6. Nf3 O-O 7. Be2 dxc4 8.
Bxc4 Re8+ 9. Be3 Nc6 10. O-O Bg4 11. h3 Bh5 12. Be2 a6 13. Rc1 Bd6 14. Bg5 h6
15. Bh4 g5 16. Bg3 Bxg3 17. fxg3 Qd6 18. d5 Bxf3 19. Bxf3 Ne5 20. Qb3 b5 21. Qc2
Nc4 22. Qf2 Ne3 23. Rfe1 Nf5 24. g4 Nh4 25. Ne4 Nxe4 26. Bxe4 Kg7 27. Rc6 Qe5
28. Rf1 Re7 29. Rf6 Rf8 30. Bb1 Qe3 31. Qxe3 Rxe3 32. Rxa6 Re2 33. Rc6 Rxg2+ 34.
Kh1 Rxb2 35. Rxc7 Ng2 36. d6 Nf4 37. d7 Rd8 38. Bf5 Ne2 39. Rd1 Ng3+ 40. Kg1 Kf6
41. Rc8 Ne2+ 42. Kf1 Ng3+ 43. Kg1 Ke7 44. Rxd8 Kxd8 0-1

[Event "Titled Tue 10th Jun Early"]
[Site "chess.com INT"]
[Date "2025.06.10"]
[Round "1"]
[White "Aradhya, Garg"]
[Black "Bahmani, Koorosh"]
[Result "0-1"]
[WhiteTitle "IM"]
[BlackTitle "CM"]
[WhiteElo "2370"]
[BlackElo "2207"]
[WhiteFideId "25006746"]
[BlackFideId "42576750"]
[EventDate "2025.06.10"]

1. d4 d5 2. c4 c6 3. Nc3 Nf6 4. e3 e6 5. Nf3 Nbd7 6. Qc2 Bd6 7. Bd3 O-O 8. O-O
Qe7 9. c5 Bc7 10. e4 dxe4 11. Nxe4 Nxe4 12. Bxe4 Nf6 13. Bg5 h6 14. Bh4 Bf4 15.
Rfe1 g5 16. Bg3 Bxg3 17. hxg3 Nxe4 18. Qxe4 Qf6 19. Ne5 Qf5 20. Qe3 Rd8 21. Rad1
f6 22. Nc4 Qd5 23. Nd6 Rxd6 24. cxd6 Qxd6 25. Qb3 Bd7 26. Qxb7 Rb8 27. Qxa7 Rxb2
28. Qc5 Qd5 29. a4 Ra2 30. Qe7 Rxa4 31. Qxf6 Ra8 32. Qg6+ Kf8 33. Qxh6+ Ke7 34.
Qg7+ Kd6 35. Re5 Qb3 36. Rde1 Ra2 37. Qxg5 Qc2 38. Qf4 Ke7 39. R5e2 Qb3 0-1

[Event "Titled Tue 10th Jun Early"]
[Site "chess.com INT"]
[Date "2025.06.10"]
[Round "1"]
[White "Petersson, Kjell"]
[Black "Begunov, Konstantin"]
[Result "1-0"]
[WhiteTitle "CM"]
[BlackTitle "FM"]
[WhiteElo "2068"]
[BlackElo "2325"]
[WhiteFideId "1705148"]
[BlackFideId "4118510"]
[EventDate "2025.06.10"]

1. f4 c5 2. Nf3 Nc6 3. e3 g6 4. d4 Bg7 5. c3 cxd4 6. exd4 d5 7. Bd3 Bg4 8. O-O
e6 9. h3 Bxf3 10. Qxf3 h5 11. Nd2 Nge7 12. Re1 Rb8 13. a4 a6 14. Nb3 b5 15. axb5
axb5 16. Nc5 b4 17. Nxe6 fxe6 18. Bxg6+ Kd7 19. f5 Rf8 20. fxe6+ Kc8 21. Bf7 b3
22. Bf4 Rb7 23. Ra8+ Nb8 24. Qg3 Nf5 25. Bxb8 Rbxf7 26. Qd3 Qb6 27. Bd6+ Kb7 28.
Rxf8 Nxd4 29. Rxf7+ Kc6 30. cxd4 Bxd4+ 31. Kh1 Kxd6 32. e7 Bf2 33. e8=Q Bxe1 34.
Qe7+ Kc6 35. Qg6+ Kb5 36. Qa3 Bb4 37. Qxb6+ Kxb6 38. Qxb4+ Kc6 39. Qb7+ Kd6 40.
Rf6+ Ke5 41. Qe7+ Kd4 42. Rf4+ Kd3 43. Qe5 d4 44. Qxd4+ Kc2 45. Qc3+ Kb1 46.
Rf1+ Ka2 47. Qa5+ Kxb2 48. Qd2+ Ka3 49. Rb1 h4 50. Qb2+ Ka4 51. Qxb3+ Ka5 52.
Qb5# 1-0

[Event "Titled Tue 10th Jun Early"]
[Site "chess.com INT"]
[Date "2025.06.10"]
[Round "1"]
[White "Guliev, Gasan"]
[Black "Jake Shanty"]
[Result "0-1"]
[WhiteTitle "CM"]
[BlackTitle "FM"]
[WhiteElo "2123"]
[BlackElo "2252"]
[WhiteFideId "34165638"]
[BlackFideId "33478066"]
[EventDate "2025.06.10"]

1. d4 d5 2. Bf4 Nf6 3. Nf3 c5 4. e3 cxd4 5. exd4 Nc6 6. c3 Bg4 7. Be2 e6 8. Nbd2
Bxf3 9. Nxf3 Bd6 10. Bxd6 Qxd6 11. O-O O-O 12. h3 a6 13. a4 Rab8 14. Re1 b5 15.
axb5 axb5 16. Ra6 Qc7 17. Bd3 Rb6 18. Rxb6 Qxb6 19. Qb3 Rb8 20. Ra1 g6 21. Qa3
b4 22. Qa6 bxc3 23. Qxb6 Rxb6 24. bxc3 Rb3 25. Rc1 Kg7 26. Nd2 Ra3 27. Bb5 Na5
28. c4 dxc4 29. Nxc4 Nxc4 30. Rxc4 Ra1+ 31. Kh2 Rd1 32. Ba4 Rd2 33. f3 Nd5 34.
Rc2 Rxd4 35. Bb3 Nf4 36. Kg3 h5 37. Rc4 Rxc4 38. Bxc4 e5 39. Kf2 h4 40. Bf1 Nh5
41. Ke3 Kf6 42. Bd3 Ng3 43. Kf2 Ke6 44. Bb1 f5 45. Ba2+ Kf6 46. Bg8 Kg5 47. Bb3
Kf4 48. Bc2 g5 49. Bd1 Nh1+ 50. Kg1 Ng3 51. Kf2 e4 52. fxe4 fxe4 53. Bc2 e3+ 54.
Ke1 Ne4 55. Ba4 Nc3 56. Bc6 Ne4 57. Kf1 Ng3+ 58. Ke1 Nf5 59. Ke2 Nd4+ 60. Kf1
Nxc6 0-1

[Event "Titled Tue 10th Jun Early"]
[Site "chess.com INT"]
[Date "2025.06.10"]
[Round "1"]
[White "Venkatesh, Narayan"]
[Black "Cordeiro, Marco Aurelio Zaror"]
[Result "0-1"]
[WhiteTitle "FM"]
[WhiteElo "2168"]
[BlackElo "2056"]
[WhiteFideId "30987881"]
[BlackFideId "2117991"]
[EventDate "2025.06.10"]

1. d3 d5 2. Nf3 e6 3. g3 f5 4. Bg2 Bd6 5. O-O c6 6. c4 Qf6 7. Nc3 Ne7 8. e4 fxe4
9. dxe4 Bb4 10. exd5 Bxc3 11. Bg5 Qf7 12. bxc3 cxd5 13. cxd5 Nxd5 14. c4 Nf6 15.
Ne5 Qc7 16. Bf4 Qe7 17. Qa4+ Nbd7 18. Rad1 O-O 19. Rfe1 Nxe5 20. Bxe5 Rd8 21.
Rxd8+ Qxd8 22. Rd1 Qe7 23. Qc2 Nd7 24. Bd6 Qf7 25. c5 Nf6 26. c6 Nd5 27. c7 Bd7
28. Be5 Bc6 29. f4 Rc8 30. Qc5 a6 31. g4 Nxc7 32. Bxc6 Nd5 33. Rxd5 exd5 34.
Qxd5 Rxc6 35. Qd8+ Qf8 36. Qd5+ Qf7 37. Qd8+ Qf8 38. Qd1 Qc5+ 39. Kh1 Qc1 40.
Qxc1 Rxc1+ 41. Kg2 Rc2+ 42. Kf3 Rxa2 43. h4 b5 44. h5 Rc2 45. g5 b4 46. f5 b3
47. f6 gxf6 48. Bxf6 b2 49. Ke4 b1=Q 50. Kf5 Rf2+ 51. Ke6 Qe4+ 52. Kd7 Rd2+ 53.
Kc8 Qc4+ 54. Kb7 Rd7+ 55. Kb8 Qc7+ 56. Ka8 Qb7# 0-1

[Event "Titled Tue 10th Jun Early"]
[Site "chess.com INT"]
[Date "2025.06.10"]
[Round "1"]
[White "Pranesh, M"]
[Black "Aloma Vidal, Robert"]
[Result "1-0"]
[WhiteTitle "GM"]
[BlackTitle "IM"]
[WhiteElo "2580"]
[BlackElo "2373"]
[WhiteFideId "35028600"]
[BlackFideId "2260409"]
[EventDate "2025.06.10"]

1. Nf3 a6 2. g3 b5 3. Bg2 Bb7 4. O-O Nf6 5. d4 e6 6. Nbd2 c5 7. c4 cxd4 8. Nxd4
Bxg2 9. Kxg2 Qb6 10. N4f3 Be7 11. b3 Nc6 12. Bb2 O-O 13. e4 d6 14. Qe2 Rfd8 15.
Rac1 Nd7 16. Rfd1 Bf6 17. Bxf6 Nxf6 18. Rc3 Ng4 19. Rdc1 b4 20. R3c2 a5 21. c5
dxc5 22. Rxc5 Ne7 23. h3 Nf6 24. Qe3 Ng6 25. Nc4 Qb7 26. e5 Nd5 27. Qg5 h6 28.
Qg4 a4 29. Nd6 Qe7 30. Ne4 axb3 31. axb3 Ra2 32. R1c2 Qxc5 33. Rxa2 Qc1 34. h4
Qb1 35. Re2 Qd3 36. Re1 h5 37. Qg5 Rc8 38. Ned2 Rc2 39. Ra1 Rc8 40. Kg1 Qe2 41.
Qxh5 Nc3 42. Qg4 Qd3 43. Qxb4 Ne2+ 44. Kh2 Nc3 45. Kg2 Nd5 46. Qg4 Nf8 47. h5
Nc3 48. h6 g6 49. Qf4 Nh7 50. Ra7 Nd5 51. Qxf7+ Kh8 52. Qxh7# 1-0

[Event "Titled Tue 10th Jun Early"]
[Site "chess.com INT"]
[Date "2025.06.10"]
[Round "1"]
[White "Dambaev, Dashi"]
[Black "Mekhitarian, Krikor Sevag"]
[Result "1-0"]
[WhiteTitle "CM"]
[BlackTitle "GM"]
[WhiteElo "2211"]
[BlackElo "2564"]
[WhiteFideId "55628494"]
[BlackFideId "2107660"]
[EventDate "2025.06.10"]

1. d4 Nf6 2. c4 g6 3. g3 d5 4. cxd5 Nxd5 5. Bg2 Nb6 6. Nf3 Bg7 7. O-O Nc6 8. e3
e5 9. dxe5 Qxd1 10. Rxd1 Nxe5 11. Nxe5 Bxe5 12. Nd2 O-O 13. Rb1 c6 14. b3 Rd8
15. Bb2 Bxb2 16. Rxb2 a5 17. Rbb1 a4 18. Ne4 Rxd1+ 19. Rxd1 Bg4 20. Nf6+ Kg7 21.
Nxg4 axb3 22. axb3 Ra3 23. Rb1 Nd7 24. e4 Nc5 25. b4 Na4 26. Ne3 Nc3 27. Rb2
Ra1+ 28. Nf1 h5 29. h4 Re1 30. Rb3 Ne2+ 31. Kh2 Nd4 32. Rb2 Ne6 33. Ne3 Rc1 34.
b5 c5 35. b6 c4 36. e5 c3 37. Rc2 Rxc2 38. Nxc2 Nc5 39. f4 Kf8 40. Kg1 Ke7 41.
Kf2 Na4 42. Ke3 Nxb6 43. Bxb7 Nc4+ 44. Kd4 Nd2 45. Kxc3 Nf1 46. Nd4 Nxg3 47. Kd3
Nf1 48. Ke2 Nh2 49. Bf3 f6 50. Kf2 fxe5 51. fxe5 Kf7 52. Kg2 1-0

[Event "Titled Tue 10th Jun Early"]
[Site "chess.com INT"]
[Date "2025.06.10"]
[Round "1"]
[White "Lacasa Diaz, Josep Anton"]
[Black "Eugene, Floryan"]
[Result "0-1"]
[WhiteTitle "IM"]
[BlackTitle "IM"]
[WhiteElo "2315"]
[BlackElo "2474"]
[WhiteFideId "2203375"]
[BlackFideId "20694784"]
[EventDate "2025.06.10"]

1. e4 e5 2. Nf3 Nc6 3. Bb5 a6 4. Ba4 Nf6 5. O-O Be7 6. d3 b5 7. Bb3 d6 8. c3 O-O
9. h3 Nb8 10. Re1 Bb7 11. Nbd2 Nbd7 12. Nf1 Re8 13. Ng3 g6 14. d4 Bf8 15. d5 Nc5
16. Bc2 c6 17. dxc6 Bxc6 18. b4 Ne6 19. a4 h5 20. Bb3 Bg7 21. Bg5 Nxg5 22. Nxg5
d5 23. exd5 Nxd5 24. axb5 axb5 25. Rxa8 Bxa8 26. Nxf7 Kxf7 27. Qf3+ Ke6 28. Rd1
Rf8 29. Qe4 Rf6 30. Ne2 Qd7 31. c4 bxc4 32. Bxc4 Bf8 33. Nc3 Kf7 34. Nxd5 Kg7
35. Ra1 Bxd5 36. Bxd5 Bxb4 37. Rb1 Be7 38. Rb7 Qd6 39. Qc4 Kh6 40. Qc8 Qxd5 41.
Qh8+ Kg5 42. Rxe7 h4 43. Rh7 Qd4 44. Rh5+ gxh5 45. Qg7+ Kf5 46. Qh7+ Ke6 47.
Qg8+ Rf7 48. Qe8+ Kf6 49. Qh8+ Ke7 50. Qa8 Qxf2+ 51. Kh1 Qf1+ 52. Kh2 Qf4+ 53.
Kh1 Qd4 54. Qb7+ Kf6 55. Qa6+ Kg7 56. Qa2 Rf1+ 57. Kh2 Qg1# 0-1

[Event "Titled Tue 10th Jun Early"]
[Site "chess.com INT"]
[Date "2025.06.10"]
[Round "1"]
[White "Atakhan, Abtin"]
[Black "Reprintsev, Alexander"]
[Result "1-0"]
[WhiteTitle "IM"]
[BlackTitle "IM"]
[WhiteElo "2388"]
[BlackElo "2256"]
[WhiteFideId "22502203"]
[BlackFideId "14100541"]
[EventDate "2025.06.10"]

1. d4 d5 2. c4 e5 3. dxe5 d4 4. Nf3 Nc6 5. a3 g6 6. Bg5 Qd7 7. Nbd2 h6 8. Bf4 g5
9. Bg3 g4 10. Nh4 Be7 11. Ne4 Qd8 12. b4 Bxh4 13. Bxh4 Qxh4 14. b5 Nxe5 15. Qxd4
Qe7 16. e3 Bf5 17. Ng3 Bg6 18. Be2 Nf6 19. h3 gxh3 20. Rxh3 Qd6 21. Qc3 O-O-O
22. Rd1 Nd3+ 23. Bxd3 Bxd3 24. Nf5 Qe6 25. Nd4 Rxd4 26. Qxd4 Rd8 27. Qxa7 Qxc4
28. Qa8+ Kd7 29. Qa5 Ke7 30. Rxh6 Rd6 31. g3 b6 32. Qb4 Qxb4+ 33. axb4 Bxb5 34.
Rxd6 cxd6 35. f3 Nd5 36. Rh5 Bc6 37. b5 Bb7 38. e4 Nf6 39. Rh8 Nd7 40. Ke2 d5
41. exd5 Bxd5 42. Ke3 Bc4 43. Rh5 Nf6 44. Re5+ Kd6 45. Kd4 Be6 46. f4 Nd7 47.
Rh5 f5 48. Rh6 Nc5 49. g4 Nb3+ 50. Kc3 fxg4 51. f5 Nc5 52. Rg6 Kd5 53. fxe6 Nxe6
54. Rxg4 Kc5 55. Rg6 Nc7 56. Rc6+ 1-0

[Event "Titled Tue 10th Jun Early"]
[Site "chess.com INT"]
[Date "2025.06.10"]
[Round "1"]
[White "Novosel, Lovro"]
[Black "Kholyavko, Mariya"]
[Result "1-0"]
[WhiteTitle "FM"]
[BlackTitle "WFM"]
[WhiteElo "2338"]
[BlackElo "2175"]
[WhiteFideId "14547120"]
[BlackFideId "13748505"]
[EventDate "2025.06.10"]

1. c4 Nf6 2. Nc3 g6 3. g3 d5 4. cxd5 Nxd5 5. Bg2 Nb6 6. Nf3 Nc6 7. O-O Bg7 8. b3
O-O 9. Bb2 a5 10. a3 a4 11. b4 Nc4 12. Bc1 Bf5 13. Ra2 Be6 14. Rc2 Qd7 15. Ng5
Bf5 16. d3 h6 17. Nge4 Nb6 18. Nc5 Qc8 19. Bb2 Bh3 20. Qa1 Bxg2 21. Kxg2 Nd4 22.
Rcc1 Nb3 23. Nxb3 axb3 24. Nb5 Bxb2 25. Qxb2 Qd7 26. Nc3 Qe6 27. Rb1 Qc6+ 28.
Kg1 Na4 29. Nxa4 Qxa4 30. Ra1 Ra6 31. Rfb1 Re6 32. e3 Rd6 33. d4 Rfd8 34. Qxb3
Qc6 35. Rc1 Qb6 36. Rc5 c6 37. Rac1 Qa6 38. b5 cxb5 39. Rxb5 b6 40. Rb1 Ra8 41.
Ra1 Qb7 42. h4 Qc7 43. a4 Rc6 44. Kg2 Rc3 45. Qb4 Rc6 46. Rb1 Rc4 47. Qb3 Rcxa4
48. Rxb6 Ra3 49. Qd5 e6 50. Qf3 Ra2 51. Rb7 Qd6 52. Qxf7+ Kh8 53. Qg7# 1-0

[Event "Titled Tue 10th Jun Early"]
[Site "chess.com INT"]
[Date "2025.06.10"]
[Round "1"]
[White "Zhauynbay, Alimzhan"]
[Black "Paravyan, David"]
[Result "1-0"]
[WhiteTitle "CM"]
[BlackTitle "GM"]
[WhiteElo "2133"]
[BlackElo "2589"]
[WhiteFideId "13782657"]
[BlackFideId "4194985"]
[EventDate "2025.06.10"]

1. e4 e5 2. Nf3 Nf6 3. Nxe5 d6 4. Nf3 Nxe4 5. Nc3 Nxc3 6. dxc3 Be7 7. Be3 O-O 8.
Qd2 Nd7 9. O-O-O Nf6 10. Bd3 Re8 11. h3 Bd7 12. Rhe1 c5 13. Kb1 Bc6 14. c4 a6
15. Bf4 b5 16. Ng5 Bf8 17. Rxe8 Qxe8 18. Re1 Qd7 19. g4 bxc4 20. Bxc4 d5 21. Bd3
h6 22. Bf5 Qb7 23. Nxf7 Ne4 24. Bxe4 dxe4 25. Nd6 Bxd6 26. Qxd6 Re8 27. Qxc5 Bd5
28. b3 a5 29. Qxa5 Ra8 30. Qc3 Qa6 31. Qb2 Rc8 32. g5 hxg5 33. Bxg5 e3 34. Bxe3
Be4 35. Bc5 Qg6 36. Qc3 Qf5 37. Qc4+ Bd5 38. Qd4 Bf7 39. Re5 Qg6 40. Kb2 Qf6 41.
f4 Rd8 42. Qe3 Rc8 43. Bd4 Qg6 44. Bc3 Qc6 45. Rg5 Bg6 46. Qe5 Rc7 47. f5 Kh8
48. fxg6 Kg8 49. Rg4 Rd7 50. Rc4 Qa8 51. Qe6+ Kh8 52. Rh4# 1-0

[Event "Titled Tue 10th Jun Early"]
[Site "chess.com INT"]
[Date "2025.06.10"]
[Round "1"]
[White "Rodriguez Polo, Mateo"]
[Black "Moosavifar, Seyed Abolfazl"]
[Result "0-1"]
[WhiteTitle "CM"]
[BlackTitle "FM"]
[WhiteElo "2219"]
[BlackElo "2303"]
[WhiteFideId "24509396"]
[BlackFideId "42548195"]
[EventDate "2025.06.10"]

1. d4 d5 2. a3 e6 3. Nf3 c5 4. e3 Nc6 5. dxc5 Bxc5 6. b4 Bd6 7. Bb2 Nf6 8. c4
dxc4 9. Bxc4 O-O 10. O-O Be7 11. Qe2 Qc7 12. Nc3 a6 13. Rac1 b5 14. Bb3 Bb7 15.
Rfd1 Rfd8 16. h3 h6 17. Rxd8+ Rxd8 18. Rd1 Bd6 19. Qc2 Ne7 20. Nd4 Be5 21. Nce2
Qb6 22. Rc1 Ned5 23. Qc5 Nd7 24. Qc2 Bb8 25. Nf3 N5f6 26. Ned4 Qd6 27. Qe2 Nb6
28. Rd1 Qc7 29. Rc1 Qd6 30. Rd1 Qe7 31. Rc1 Na4 32. Bxa4 bxa4 33. Nc6 Bxc6 34.
Rxc6 Qd7 35. Rc1 a5 36. Bxf6 gxf6 37. bxa5 Qd6 38. Qb2 Qd1+ 39. Ne1 Qd5 40. Qxf6
Qxa5 41. Qxh6 Be5 42. Qg5+ Kf8 43. f4 Bc3 44. Qh6+ Ke7 45. Qh4+ Bf6 46. Qf2 Rd2
47. Qf3 Rd7 48. Nc2 Qd2 49. Qf2 Rc7 0-1